| 000 | 00354nam a22001337a 4500 | ||
|---|---|---|---|
| 008 | 250424b |||||||| |||| 00| 0 eng d | ||
| 020 | _a674306708 | ||
| 050 |
_aHD9484 _b.F74 |
||
| 100 | _aBLAKEY, Fredric Arch | ||
| 245 | _aThe Florida Phosphate Industry | ||
| 260 |
_aU.S.A _bThe Resident and Fellows of Harvard _c1973 |
||
| 300 | _axi,197p. | ||
| 942 | _cBK | ||
| 999 |
_c3175 _d3175 |
||